Beyond doubt / (Record no. 140099)

MARC details
000 -LEADER
fixed length control field 00589nam a22001817a 4500
005 - DATE AND TIME OF LATEST TRANSACTION
control field 20170518154527.0
010 ## - LCCN (DPL NO)
LC control number ENG-118240
020 ## - INTERNATIONAL STANDARD BOOK NUMBER
International Standard Book Number 9789382381709
Terms of availability 550.00
035 ## - SYSTEM CONTROL NUMBER
System control number EN-101772
037 ## - SOURCE OF ACQUISITION
Source of stock number/acquisition DBAD/PUB
082 ## - DEWEY DECIMAL CLASSIFICATION NUMBER
Classification number 954.035092
100 ## - MAIN ENTRY--PERSONAL NAME
Personal name Setalvad, Teesta
245 ## - TITLE STATEMENT
Title Beyond doubt /
Remainder of title Adossier on gandhi's assassination /
Statement of responsibility, etc Compiled and introduced by Teesa Setalvad
260 ## - PUBLICATION, DISTRIBUTION, ETC. (IMPRINT)
Place of publication, distribution, etc New Delhi
Name of publisher, distributor, etc Tulika Books
Date of publication, distribution, etc 2016
270 ## - ADDRESS
Address 35 A/1 (ground floor), Shahpur Jat, New Delhi 110049
300 ## - PHYSICAL DESCRIPTION
Extent x, 278p.
Dimensions 24cm. (pbk)
942 ## - ADDED ENTRY ELEMENTS (KOHA)
Source of classification or shelving scheme Dewey Decimal Classification
Item type English Books
Classification part 954.035092
Call number suffix SET
Holdings
Withdrawn status Lost status Not for loan Collection code Home library Current library Date acquired Source of acquisition Cost, normal purchase price Full call number Barcode Copy number Cost, replacement price Koha item type
    Not For Loan Non-fiction D.B.Act.Division D.B.Act.Division 18/05/2017 DBAD/PUB 550.00 954.035092 SET EN-101772 1 550.00 English Books

© Delhi Public Library
Hit Counter
free hit counter